000
00281nam a2200109Ia 4500
001
587531
005
20250717113817.0
008
250717s9999 xx 000 0 und d
245
0
_a
X-12 AFRİKADA SAFARİ LEOPARLAR
_c
ŞEBNEM DENKTAŞ
260
_b
BETA YAYINLARI
_c
2020
300
_b
57
999
_c
587531
_d
587531